Basic electrical engineering (Record no. 7166)

000 -LEADER
fixed length control field 00658nam a2200217 4500
001 - CONTROL NUMBER
control field 7166
003 - CONTROL NUMBER IDENTIFIER
control field BD-DhUET
008 - FIXED-LENGTH DATA ELEMENTS--GENERAL INFORMATION
fixed length control field 740521s1975 nyua 001 0 eng
020 ## - INTERNATIONAL STANDARD BOOK NUMBER
International Standard Book Number 0070211523
040 ## - CATALOGING SOURCE
Original cataloging agency DLC
Transcribing agency DLC
Modifying agency BD-DhUET
082 00 - DEWEY DECIMAL CLASSIFICATION NUMBER
Classification number 623
Item number FIT/1975
100 1# - MAIN ENTRY--PERSONAL NAME
Personal name Fitzgerald, A. E.
245 10 - TITLE STATEMENT
Title Basic electrical engineering
Remainder of title circuits,electronics,machines,control
Statement of responsibility, etc. by A. E. Fitzgerald, David E. Higginbotham and Arvin Grabel
250 ## - EDITION STATEMENT
Edition statement 4th ed.
260 ## - PUBLICATION, DISTRIBUTION, ETC. (IMPRINT)
Place of publication, distribution, etc. New York
Name of publisher, distributor, etc. McGraw-Hill
Date of publication, distribution, etc. 1975
300 ## - PHYSICAL DESCRIPTION
Extent xiv, 817 p.
Other physical details illus.
Dimensions 24 cm.
650 #0 - SUBJECT ADDED ENTRY--TOPICAL TERM
Topical term or geographic name as entry element Electricity : Engineering
700 ## - ADDED ENTRY--PERSONAL NAME
Personal name Higginbotham, David E.
700 ## - ADDED ENTRY--PERSONAL NAME
Personal name Grabel, Arvin
942 ## - ADDED ENTRY ELEMENTS (KOHA)
Koha item type General Book
Holdings
Source of classification or shelving scheme Koha issues (times borrowed) Date acquired Shelving location Koha date last seen Koha date last borrowed Not for loan Koha normalized classification for sorting Location (home branch) Copy number Lost status Koha item type Koha full call number Piece designation (barcode) Sublocation or collection (holding branch) Withdrawn status Damaged status Price effective from
 12014-12-07Circulation section2018-08-042018-07-21 623PIT1975Central Library, BUET1 General Book623/PIT/197565364Central Library, BUET  2014-12-07
  2015-03-12Circulation section2015-03-12  623_000000000000000_PIT_1975Central Library, BUET2 General Book623/PIT/197543309Central Library, BUET  2015-03-12
  2015-03-12Circulation section2015-03-12  623_000000000000000_PIT_1975Central Library, BUET3 General Book623/PIT/197543314Central Library, BUET  2015-03-12
  2015-03-12Circulation section2015-03-12  623_000000000000000_PIT_1975Central Library, BUET4 General Book623/PIT/197543676Central Library, BUET  2015-03-12
  2015-03-12Circulation section2015-03-12  623_000000000000000_PIT_1975Central Library, BUET5 General Book623/PIT/197542843Central Library, BUET  2015-03-12
  2015-04-16Circulation section2015-04-16  623_000000000000000_FIT_1975Central Library, BUET6 General Book623/FIT/197543308Central Library, BUET  2015-04-16
  2015-04-18Circulation section2015-04-18  623_000000000000000_FIT_1975Central Library, BUET7 General Book623/FIT/197543316Central Library, BUET  2015-04-18
  2015-04-21Circulation section2015-04-21  623_000000000000000_FIT_1975Central Library, BUET8 General Book623/FIT/197543310Central Library, BUET  2015-04-21
  2015-04-21Circulation section2015-04-21  623_000000000000000_FIT_1975Central Library, BUET9 General Book623/FIT/197543677Central Library, BUET  2015-04-21
  2015-04-21Circulation section2015-04-21  623_000000000000000_FIT_1975Central Library, BUET10 General Book623/FIT/197543313Central Library, BUET  2015-04-21
  2015-04-21Circulation section2015-04-21  623_000000000000000_FIT_1975Central Library, BUET11 General Book623/FIT/197543307Central Library, BUET  2015-04-21
  2015-04-21Circulation section2015-04-21  623_000000000000000_FIT_1975Central Library, BUET12 General Book623/FIT/197551101Central Library, BUET  2015-04-21
  2015-06-28Reading section2015-06-28  623_000000000000000_FIT_1975Central Library, BUET13 Reading Item623/FIT/197542841Central Library, BUET  2015-06-28
  2015-06-28Reading section2015-06-28  623_000000000000000_FIT_1975Central Library, BUET14 Reading Item623/FIT/197542840Central Library, BUET  2015-06-28
  2015-06-28Reading section2015-06-28  623_000000000000000_FIT_1975Central Library, BUET15 Reading Item623/FIT/197543679Central Library, BUET  2015-06-28